| 000 | 01078cam a22002535a 4500 | ||
|---|---|---|---|
| 001 | L160130 | ||
| 008 | 180724s2018 xxk f 000 0 eng d | ||
| 035 | _a(Sirsi) u160130 | ||
| 041 | 0 | _aeng | |
| 100 | 1 | _aKonanahalli, Ashwini | |
| 245 | 0 | 0 |
_aBig data _bA new revolution in the UK facilities management sector _h[electronic resources] |
| 260 |
_aLondon _bRICS _c2018 |
||
| 490 | 0 | _aRICS Research | |
| 520 | _aExamines the drivers, challenges, opportunities and benefits of using big data analytics (BDA) for facilities management (FM) and how to develop a methodological framework to implement BDA into FM organisations. | ||
| 590 | _aKA | ||
| 650 | 2 | 4 | _aBIG DATA |
| 651 | 4 | _aENGLAND AND WALES | |
| 690 |
_aFacilities management _96240 |
||
| 700 | 1 | _aOyedele, Lukumon | |
| 700 | 1 | _aMarinellli, Marina | |
| 700 | 1 | _aSelimi, Gehan | |
| 856 | 4 | 0 |
_uhttps://www.rics.org/globalassets/rics-website/media/knowledge/research/research-reports/big-data-a-new-revolution-in-the-uk-fm-sector-rics.pdf _zView the item free of charge from the www.rics.org website. |
| 942 | _n0 | ||
| 999 |
_c116242 _d116242 |
||